Tunisien Quizz (English) - Statistiques

Statistiques générales
  • Ce quiz a été pris 29 fois
  • Le résultat moyen est 7 sur 15
Statistiques - réponses
Question Réponse % Correct
Date of Tunisia's independence 1956
92%
What event triggered the Tunisian Revolution (and subsequently the Arab Spring)? The self-immolation of a citizen
71%
Which Tunisian city was an Aghlabid capital in the 9th century? Kairouan
67%
The first president of Tunisia is : Bourguiba
58%
Tunisia is the only country in the Maghreb to have: Legally abolished polygamy
54%
Tunisia is often described as: The political cradle of the Arab world
54%
What is the date of the start of the french protectorate in Tunisia 1881
50%
What is the date of the start of the Tunisian Revolution (Arab Spring)? Decembre 17 ,2010
50%
The Tunisian economic capital Sfax
50%
The last bey od Tunisia Mohamed Lamine Pacha Bey,
42%
The highest point in Tunisia is: Djbel chambi
38%
Carthage was destroyed by Rome at the end of: Third Punic War
38%
Tunisia is the first Arab and African country to: Launch a satellite
33%
Tunisia is often cited as a regional model for: For its social reforms
29%
Which religious current has historically been present in Djerba? Ibadisme
21%
Aucun quiz correspondant
Distribution des résultats
% des personnes avec chaque résultat
Percentile par nombre de réponses
Votre historique - résultats
Vous n’avez pas pris ce quiz